| 000 | 00417nam a2200157Ia 4500 | ||
|---|---|---|---|
| 008 | 231217s9999 xx 000 0 und d | ||
| 020 | _a91556156790 | ||
| 041 | _aEnglish | ||
| 082 | _a001.6424WIN MIC;1 | ||
| 100 | _aMicrosoft | ||
| 245 | 0 | _aWindows interface guidelines for software design | |
| 260 |
_c1995 _bMicrosoft Press _aUSA |
||
| 300 | _axx+556 | ||
| 650 | _aWindows,guidelines,software | ||
| 942 | _cAA | ||
| 999 |
_c182822 _d182822 |
||